Lettres de la prison / (Record no. 182983)

MARC details
000 -LEADER
campo de control de longitud fija 00861nam a2200229 i 4500
001 - NÚMERO DE CONTROL
campo de control 182983
003 - IDENTIFICADOR DE NÚMERO DE CONTROL
campo de control ES-MaACL
005 - FECHA Y HORA DE LA ÚLTIMA TRANSACCIÓN
campo de control 20260305172758.0
008 - DATOS DE LONGITUD FIJA--INFORMACIÓN GENERAL
campo de control de longitud fija 140109s1921 fr |||| | fre d
100 1# - ENTRADA PRINCIPAL--NOMBRE DE PERSONA
Nombre de persona Luxemburg, Rosa,
Fechas asociadas al nombre 1870-1919
9 (RLIN) 74894
245 10 - MENCIÓN DEL TÍTULO
Título Lettres de la prison /
Mención de responsabilidad, etc. Rosa Luxembourg ; traduction par Alix Guillain.
260 ## - PUBLICACIÓN, DISTRIBUCIÓN, ETC.
Lugar de publicación, distribución, etc. Paris :
Nombre del editor, distribuidor, etc. Éditions de la Bibliothèque du Travail,
Fecha de publicación, distribución, etc. 1921.
300 ## - DESCRIPCIÓN FÍSICA
Extensión 62 p. ;
Dimensiones 19 cm.
490 1# - MENCIÓN DE SERIE
Mención de serie Les Cahiers du travail ;
Designación de volumen o secuencia 1re série, 1er cahier, 1er mars 1921
600 14 - PUNTO DE ACCESO ADICIONAL DE MATERIA--NOMBRE DE PERSONA
Nombre de persona Luxemburg, Rosa,
Fechas asociadas al nombre 1870-1919-
Subdivisión general Correspondencia
9 (RLIN) 74895
600 14 - PUNTO DE ACCESO ADICIONAL DE MATERIA--NOMBRE DE PERSONA
Nombre de persona Luxemburg, Rosa,
Fechas asociadas al nombre 1870-1919
9 (RLIN) 74894
700 1# - ENTRADA AGREGADA--NOMBRE PERSONAL
Nombre de persona Guillain, Alix,
Fechas asociadas al nombre 1876-1951
9 (RLIN) 154101
830 0# - PUNTO DE ACCESO ADICIONAL DE SERIE-TÍTULO UNIFORME
Título uniforme Les Cahiers du travail ;
Designación de volumen o secuencia 1re série, 1er cahier, 1er mars 1921
9 (RLIN) 191855
852 ## - LOCALIZACIÓN
Ubicación ES-MaACL
Número de control de estantería 1625-F-8
942 ## - ELEMENTOS DE ENTRADA SECUNDARIOS (KOHA)
Fuente del sistema de clasificación o colocación Clasificación decimal universal
Holdings
Estatus retirado Estado de pérdida Estado de daño No para préstamo Colección Biblioteca de origen Biblioteca actual Ubicación en estantería Fecha de adquisición Fuente de adquisición Total de préstamos Signatura topográfica completa Código de barras Visto por última vez Precio de reemplazo Tipo de ítem Koha
        Colección de folletos Biblioteca del Ateneo de Madrid Biblioteca del Ateneo de Madrid Depósito folletos 09/01/2014     1625-F-8 1192322 23/02/2023 23/02/2023 Folleto